| 000 | 00399nam a2200133Ia 4500 | ||
|---|---|---|---|
| 008 | 220217s9999||||xx |||||||||||||| ||und|| | ||
| 020 | _a978-81-203-0028-6 | ||
| 082 | _a003.3 DEO | ||
| 100 |
_aDeo, Narsingh _9928 |
||
| 245 | 0 | _aSystems simulation: With digital computer | |
| 260 |
_aPrentice hall of india _bNew Delhi _c2009 |
||
| 300 |
_aXIII,200p.;28cm _b125 |
||
| 650 | _aSYSTEM SIMMULATION | ||
| 999 |
_c180638 _d180638 |
||